banner koha

Infection by Neospora caninum in dairy cattle belonging to family farmers in the northern region of Brazil (Registro n. 248837)

MARC details
000 -LÍDER
campo de controle de tamanho fixo 01104nas a2200337 4500
001 - NÚMERO DE CONTROLE
campo de controle BR2016001934
003 - IDENTIFICADOR DO NÚMERO DE CONTROLE
campo de controle BR-BrBNA
005 - DATA E HORÁRIO DA ÚLTIMA TRANSAÇÃO
campo de controle 20231205130323.0
007 - CAMPO FIXO DE DESCRIÇÃO FÍSICA--INFORMAÇÃO GERAL
campo de controle de tamanho fixo ta
008 - CAMPO DE DADOS FIXOS--INFORMAÇÃO GERAL
campo de controle de tamanho fixo 230509b bl.|||p| |||| 00| 00por d
040 ## - FONTE DA CATALOGAÇÃO
Instituição da catalogação original BR-BrBNA
Idioma da catalogação por
Instituição que transcreveu o registro Biblioteca Nacional de Agricultura
041 ## - CÓDIGO DE IDIOMA
Código do idioma do texto/trilha sonora ou título diferente (En)
072 ## - CÓDIGO DE CATEGORIA DE ASSUNTO
Código de Categoria de Assunto L73
100 1# - ENTRADA PRINCIPAL--NOME PESSOAL
Nome pessoal Boas, R.V.
100 1# - ENTRADA PRINCIPAL--NOME PESSOAL
Nome pessoal Pacheco, T. dos A.
100 1# - ENTRADA PRINCIPAL--NOME PESSOAL
Nome pessoal Melo, A.L.T.
100 1# - ENTRADA PRINCIPAL--NOME PESSOAL
Nome pessoal Oliveira, A.C.S. de
100 1# - ENTRADA PRINCIPAL--NOME PESSOAL
Nome pessoal Aguiar, D.M. de
100 1# - ENTRADA PRINCIPAL--NOME PESSOAL
Nome pessoal Pacheco, R. de C.
245 1# - TÍTULO
Título Infection by Neospora caninum in dairy cattle belonging to family farmers in the northern region of Brazil
650 ## - ASSUNTO--TERMO TÓPICO
Cabeçalho tópico ou nome geográfico GADO LEITEIRO
650 ## - ASSUNTO--TERMO TÓPICO
Cabeçalho tópico ou nome geográfico NEOSPOROSE
650 ## - ASSUNTO--TERMO TÓPICO
Cabeçalho tópico ou nome geográfico NEOSPORA CANINUM
650 ## - ASSUNTO--TERMO TÓPICO
Cabeçalho tópico ou nome geográfico AGRICULTURA FAMILIAR
650 ## - ASSUNTO--TERMO TÓPICO
Cabeçalho tópico ou nome geográfico ANTICORPO
650 ## - ASSUNTO--TERMO TÓPICO
Cabeçalho tópico ou nome geográfico DISTURBIO FISIOLOGICO
773 0# - ENTRADA ANALÍTICA
Título Brazilian Journal of Veterinary Parasitology (Brazil)
ISSN - International Standard Serial Number ISSN 1984-2961
Partes relacionadas (Apr-Jun 2015), v. 24(2) p. 204-208
Número de controle do registro BR2016001934
856 40 - LOCALIZAÇÃO ELETRÔNICA E ACESSO
Uniform Resource Identifier <a href="http://www.scielo.br/pdf/rbpv/v24n2/1984-2961-rbpv-24-2-204.pdf">http://www.scielo.br/pdf/rbpv/v24n2/1984-2961-rbpv-24-2-204.pdf</a>
909 ## -
-- 202311
-- Lúcia
-- 55
-- Lúcia Elande
942 ## - ELEMENTOS DE ENTRADA ADICIONADOS (KOHA)
Fonte da classificação ou esquema de arquivamento na estante Classificação AGRIS
Ocultar no OPAC Não
Tipo de material Koha Analítica
Exemplares
Situação do descarte Fonte da classificação ou esquema de arquivamento na estante Situação física Não pode ser emprestado Biblioteca de origem Biblioteca atual Localização na estante Enumeração do periódico / cronologia Total de empréstimos Data de último acesso Número do exemplar Tipo de material Koha Fonte de aquisição
  Classificação AGRIS   Consulta local Biblioteca Nacional de Agricultura - Binagri Biblioteca Nacional de Agricultura - Binagri   (Apr-Jun 2015), v. 24(2) p. 204-208   29/11/2023 01 Periódicos Portaria Interministerial nº 164/94

BINAGRI

Telefone: (61)3218-2567/2388/3357/2097 - binagri@agro.gov.br

Ministério da Agricultura e Pecuária , Esplanada dos Ministérios, Bloco D, Anexo B, Brasília/DF, CEP: 70.043-900